Capuchinho vermelho (Record no. 24628)

Metadata
000 -Etiqueta do registo
campo de controlo de comprimento fixo 01151nam a2200349 4500
001 - Identificador do registo
Campo de controlo 24628
010 ## - ISBN
Número (ISBN) 9789720730718
021 ## - Nº depósito legal
Código do país Portugal
Número 452840/19
100 ## - Dados Gerais de Proc.
Dados gerais de processamento 20191115d2019 cd y0pory50030103ba
101 1# - Língua da publicação
Língua do texto, banda sonora, etc. Português
Língua do documento no original eng
102 ## - País de Publicação
País de publicação Portugal
105 ## - Dados Codif. Livros
Dados codificados dos livros a z 000yy
106 ## - Atributos Físicos
Dados codificados do material textual r
200 1# - Título
Título próprio Capuchinho vermelho
Primeira menção de responsabilidade Elisabeth Golding
Outras menções de responsabilidade il. Helen Rowe
-- adapt. Rita Amaral
210 #9 - Publicação, Distribuição
Lugar da edição, distribuição, etc. Porto
Nome do editor, distribuidor, etc. Porto Editora
Data da publicação, distribuição, etc. 2019
215 ## - Descrição física
Descrição física [8] p.
Outras indicações físicas il., pop up
Dimensões 23 cm
225 2# - Colecção
Título próprio da colecção Livro-carrossel com cenários 3D
304 ## - Título
Texto da nota Tít. orig.: fairytale Carousels : Little Red Riding Hood
606 ## - Nome comum
Elemento de entrada Literatura infantil
Subdivisão de assunto Conto
675 ## - CDU
Notação 087.5
Edição BN
Língua da edição Português
675 ## - CDU
Notação 821.111-93"20"
Edição BN
Língua da edição Português
675 ## - CDU
Notação 821.111-34"20"
Edição BN
Língua da edição Português
700 #1 - Responsabilidade principal
Palavra de ordem Golding
Outra parte do nome Elizabeth
701 #1 - Co-responsabilidade principal
Palavra de ordem Sheldon
Outra parte do nome Christine
Código de função Autor
702 #1 - Responsabilidade secundária
Palavra de ordem Amaral
Outra parte do nome Rita
Código de função Adaptador
801 #0 - Fonte de origem
País Portugal
Agência BEDB
Regras de catalogação RPC
090 ## - Números de controlo do sistema (Koha)
Número biblioitem do Koha (gerado automaticamente) 24628
942 ## - Elementos de entrada adicionados (Koha)
Suprimido Disponível no OPAC
Tipo de item no Koha Monografia
Holdings
Removido (estado) Perdido (estado) Data de aquisição Origem do registo (biblioteca) (codificado) Código da organização que empresta ou é detentora (biblioteca) Código de barras Cota Data de empréstimo ou depósito Tipo de circulação (não pode ser emprestado) Tipo de item e material
Disponível Disponível 2026-01-08 BE Diogo Bernardes BE Diogo Bernardes D00028708 82-93 GOLE 2026-03-06 Normal Monografia